Groups of Countries #2 - Statistics

General Stats
  • This quiz has been taken 102 times
  • The average score is 43 of 64
Answer Stats
Hint Answer % Correct
Warsaw Pact (1955 - 1991) Poland
93%
Development Assistance Committee Poland
93%
Development Assistance Committee United Kingdom
89%
BASIC China
87%
Development Assistance Committee France
87%
Development Assistance Committee Germany
87%
Development Assistance Committee United States
85%
BASIC India
83%
Development Assistance Committee Italy
82%
Development Assistance Committee Spain
82%
BASIC Brazil
80%
Warsaw Pact (1955 - 1991) Hungary
80%
Development Assistance Committee Hungary
80%
Development Assistance Committee Sweden
80%
Development Assistance Committee Norway
78%
Warsaw Pact (1955 - 1991) Romania
77%
Development Assistance Committee Japan
76%
VISTA Argentina
74%
Warsaw Pact (1955 - 1991) Bulgaria
74%
Four Asian Tigers Singapore
74%
MIKTA South Korea
74%
Four Asian Tigers South Korea
74%
Development Assistance Committee South Korea
74%
Development Assistance Committee Austria
73%
Development Assistance Committee Finland
73%
Development Assistance Committee Portugal
73%
Four Asian Tigers Taiwan
73%
Development Assistance Committee Belgium
72%
Development Assistance Committee Canada
72%
VISTA Indonesia
72%
MIKTA Indonesia
72%
VISTA Turkey
71%
Economic Cooperation Organization Turkey
71%
MIKTA Turkey
71%
Development Assistance Committee Denmark
68%
Warsaw Pact (1955 - 1991) Soviet Union
68%
Economic Cooperation Organization Iran
67%
Development Assistance Committee Netherlands
67%
VISTA Vietnam
67%
MIKTA Australia
66%
Development Assistance Committee Australia
66%
Development Assistance Committee Ireland
66%
MIKTA Mexico
63%
VISTA South Africa
63%
BASIC South Africa
63%
Warsaw Pact (1955 - 1991) Albania
62%
Development Assistance Committee Greece
62%
Development Assistance Committee Switzerland
62%
Economic Cooperation Organization Afghanistan
60%
Economic Cooperation Organization Pakistan
60%
Development Assistance Committee Iceland
59%
Warsaw Pact (1955 - 1991) Czechoslovakia
56%
Development Assistance Committee New Zealand
52%
Development Assistance Committee Czech Republic
51%
Development Assistance Committee Slovakia
51%
Economic Cooperation Organization Kazakhstan
50%
Development Assistance Committee Luxembourg
44%
Development Assistance Committee Slovenia
44%
Economic Cooperation Organization Uzbekistan
43%
Warsaw Pact (1955 - 1991) East Germany
40%
Economic Cooperation Organization Kyrgyzstan
39%
Economic Cooperation Organization Tajikistan
39%
Economic Cooperation Organization Turkmenistan
39%
Economic Cooperation Organization Azerbaijan
33%
No matching quizzes found
Score Distribution
Percent of People with Each Score
Percentile by Number Answered
Your Score History
You have not taken this quiz